000 00493nam a22001577a 4500
003 SISC
005 20160823084210.0
008 160823b xxu||||| |||| 00| 0 eng d
020 _a9789719919964
050 _aKPM 953.5
_b.R457 2016
100 _aReyes, Virgilio D.
245 _aThe fundamentals in accounting for partnerships and corporations /
_cVirgilio D. Reyes.
260 _aManila :
_bGIC Enterprises & Co., Inc.,
_c2016.
300 _axii, various pages ;
_c23 cm.
942 _2lcc
_cBK
999 _c300751
_d300751